Culture Générale - Série 1885 - Statistiques

Statistiques générales
  • Ce quiz a été pris 88 fois
  • Le résultat moyen est 4 sur 10
Statistiques - réponses
Question Réponse % Correct
Comment appelle-t-on un oeuf de pou ? lente
92%
Dans quelle ville française est situé le Mémorial sur la bataille de Normandie de 1944 ? Caen
56%
Comment appelle-t-on l'entretien des rues, des chemins ? voirie
46%
Comment appelait-on un poète de la Grèce antique ? aède
39%
Quel nom portait "la frégate de la liberté" du marquis de La Fayette ? Hermione
36%
Quel était le prénom du philosophe, sociologue, politologue, historien et journaliste français Aron (1905-1983) ? Raymond
35%
A la télévision, qui incarnait "Thierry la Fronde" dans les années 60 ? Jean-Claude Drouot
29%
Quel fleuve arrose la ville espagnole de Tolède ? Tage
29%
“Paris ! Paris outragé ! Paris brisé ! Paris martyrisé ! Mais Paris libéré !”. Cette figure de style s'appelle : .... anaphore
11%
L'aétite ou limonite est appelée aussi " pierre d'... voir photo aigle
2%
Aucun quiz correspondant
Distribution des résultats
% des personnes avec chaque résultat
Percentile par nombre de réponses
Votre historique - résultats
Vous n’avez pas pris ce quiz